000 00522nam a2200217Ia 4500
003 OSt
005 20221005125034.0
006 a|||||r|||| 00| 0
007 ta
008 221004b |||||||| |||| 00| 0 eng d
024 _a120394
037 _cTextual
040 _aCRL
_cCRL
_beng
041 _2eng
_aeng
100 _aCockeroft John
_9636115
245 0 _aOrganization of research establishment
260 _c1965
650 _aGEOGRAPHY
942 _cTEXL
_2cc
999 _c1052502
_d1052502